[Event "16.Open Seefeld"]
[Site "Oesterreich / Seefeld"]
[Date "2005.09.17"]
[Round "1"]
[White "Kozlov, Alexander"]
[Black "Hoffmann, Bernhard"]
[Result "0-1"]
[WhiteElo "2135"]
[BlackElo "1950"]
[PlyCount "145"]
[EventDate "2005.09.17"]

1. d4 Nf6 2. c4 c5 3. d5 b5 4. cxb5 a6 5. bxa6 g6 6. g3 Bxa6 7. Bg2 d6 8. Nc3
Nbd7 9. Nf3 Bg7 10. Rb1 O-O 11. O-O Qa5 12. Bd2 Rfb8 13. Qc2 Ne8 14. b3 Qa3 15.
Qc1 Qxc1 16. Rfxc1 Bxc3 17. Bxc3 Bxe2 18. Rb2 Bxf3 19. Bxf3 f6 20. Re1 Ne5 21.
Be4 Kf7 22. f4 Nd7 23. Rbe2 Nc7 24. Bf3 Re8 25. Ra1 Nb6 26. Rd2 Nb5 27. Bb2 Ra7
28. a4 Rea8 29. Rad1 Nc7 30. Bc3 Nc8 31. Rb2 Rb8 32. Rdd2 Rab7 33. Bd1 Nb6 34.
Bf3 Nd7 35. Bd1 Na6 36. Be2 Nc7 37. Bd1 f5 38. Kf2 Nf6 39. Bxf6 Kxf6 40. Ra2
Rb4 41. Rd3 Na6 42. Re2 c4 43. bxc4 Nc5 44. Rde3 Rxc4 45. Kf3 Rc1 46. Bc2 Rb2
47. Rc3 Ra2 48. Rc4 Ra3+ 49. Kg2 Rca1 50. Kf2 h6 51. Kg2 R1a2 52. Kf2 g5 53.
Kg2 g4 54. Kf2 Ra1 55. Kg2 R1a2 56. Kf2 h5 57. Kf1 Ra1+ 58. Kf2 Rf3+ 59. Kg2
Rff1 60. Rb4 Rg1+ 61. Kf2 Raf1+ 62. Ke3 Re1 63. Rb8 Rxe2+ 64. Kxe2 Rg2+ 65. Kd1
Rxh2 66. Rf8+ Kg7 67. Rxf5 e6 68. Rg5+ Kf6 69. a5 exd5 70. Rxd5 Ke6 71. Rg5 Rh3
72. Bf5+ Kf7 73. Ke2 {Rest der Notationen unbrauchbar !} 0-1

[Event "16.Open Seefeld"]
[Site "Oesterreich / Seefeld"]
[Date "2005.09.17"]
[Round "1"]
[White "Schwammberger, Eugen"]
[Black "Vrban, Damir"]
[Result "1/2-1/2"]
[WhiteElo "1950"]
[BlackElo "2133"]
[PlyCount "42"]
[EventDate "2005.09.17"]

1. Nf3 f5 2. g3 Nf6 3. Bg2 g6 4. c4 Bg7 5. Nc3 O-O 6. d4 d6 7. O-O c6 8. Qc2
Na6 9. a3 Qe8 10. Bg5 Qf7 11. d5 e5 12. Rad1 c5 13. e4 h6 14. Bxf6 Bxf6 15. Qd2
Bg7 16. Ne1 f4 17. f3 fxg3 18. hxg3 g5 19. Nb5 Qe7 20. Nc2 Nc7 21. Nxc7 Qxc7
1/2-1/2

[Event "16.Open Seefeld"]
[Site "Oesterreich / Seefeld"]
[Date "2005.09.17"]
[Round "1"]
[White "Santl, Anton"]
[Black "Matt, Stefan"]
[Result "0-1"]
[WhiteElo "2132"]
[BlackElo "1816"]
[PlyCount "126"]
[EventDate "2005.09.17"]

1. Nf3 f5 2. c4 Nf6 3. g3 g6 4. Bg2 Bg7 5. O-O d6 6. d4 O-O 7. Nc3 Nc6 8. d5
Ne5 9. b3 Ne4 10. Nxe4 Nxf3+ 11. exf3 Bxa1 12. Bh6 Bg7 13. Bxg7 Kxg7 14. Qd4+
Kg8 15. Nd2 e5 16. dxe6 Qf6 17. Qd3 Bxe6 18. f4 c6 19. Nf3 Rad8 20. Rd1 Bf7 21.
h4 Rfe8 22. Nd4 Re7 23. Nc2 d5 24. c5 d4 25. Ne3 Red7 26. Nc4 Bxc4 27. Qxc4+
Kg7 28. Bf1 Re7 29. Bd3 Qe6 30. Qxe6 Rxe6 31. Kg2 Re7 32. Rc1 Kf6 33. Kf3 h6
34. a4 g5 35. h5 gxf4 36. Kxf4 Re5 37. b4 a6 38. a5 Rg8 39. f3 Rg5 40. Rc4 Rd5
41. g4 fxg4 42. fxg4 Rg7 43. Rc1 Re7 44. Rd1 Rd8 45. Be4 Red7 46. Rd3 Re7 47.
Rf3 Rf8 48. Rd3 Ke6+ 49. Kg3 Ke5 50. Bg2 Rd7 51. Bf3 Rdf7 52. Kf2 Rf4 53. Kg3
Re4 54. Bxe4 Kxe4 55. Rd1 d3 56. Re1+ Kd4 57. Re7 Kc3 58. Rxb7 d2 59. Rd7 Kc2
60. g5 hxg5 61. Kg4 d1=Q+ 62. Rxd1 Kxd1 63. Kxg5 Kc2 0-1

[Event "16.Open Seefeld"]
[Site "Oesterreich / Seefeld"]
[Date "2005.09.17"]
[Round "1"]
[White "Becker, Joerg"]
[Black "Schoetzig, Detlef"]
[Result "0-1"]
[WhiteElo "1798"]
[BlackElo "2124"]
[PlyCount "78"]
[EventDate "2005.09.17"]

1. d4 Nf6 2. c4 e5 3. dxe5 Ng4 4. Bf4 Nc6 5. Nf3 Bb4+ 6. Nbd2 Qe7 7. e3 Ngxe5
8. Nxe5 Nxe5 9. Be2 d6 10. O-O O-O 11. Nb3 b6 12. a3 Bc5 13. Nd2 a5 14. Rb1 a4
15. Rc1 Bb7 16. Nf3 Ng6 17. Bg3 f5 18. Re1 f4 19. exf4 Nxf4 20. Bd3 Bxf3 21.
Rxe7 Bxd1 22. Rxd1 Nxd3 23. Rxd3 Rae8 24. Rxe8 Rxe8 25. Kf1 Re4 26. Rc3 Bd4 27.
Rc2 Bf6 28. f3 Re3 29. Bf4 Rb3 30. Bc1 Kf7 31. Re2 Be5 32. g3 Rxf3+ 33. Kg2 Rb3
34. Rf2+ Ke6 35. Kh3 Bd4 36. Re2+ Kd7 37. Kg4 Bf6 38. Kf4 Rd3 39. Ke4 Rd4+ 0-1

[Event "16.Open Seefeld"]
[Site "Oesterreich / Seefeld"]
[Date "2005.09.17"]
[Round "1"]
[White "Gruber, Michael"]
[Black "Perkmann, Gottfried"]
[Result "1-0"]
[WhiteElo "2122"]
[BlackElo "1690"]
[PlyCount "65"]
[EventDate "2005.09.17"]

1. e4 d6 2. d4 g6 3. Nc3 Bg7 4. Be3 Nf6 5. Qd2 Nbd7 6. O-O-O a6 7. f3 b5 8. Bd3
Bb7 9. Bh6 O-O 10. h4 b4 11. Nce2 e5 12. h5 Qe7 13. Ng3 Kh8 14. Bxg7+ Kxg7 15.
N1e2 c5 16. dxe5 dxe5 17. hxg6 fxg6 18. Qh6+ Kh8 19. Qxg6 Rg8 20. Qh6 Qg7 21.
Bc4 Qg5+ 22. Qxg5 Rxg5 23. Rd6 Rg6 24. Be6 Nf8 25. Bf5 Kg7 26. Bxg6 hxg6 27.
Nf1 Rc8 28. Ne3 a5 29. Nc4 N6d7 30. Rhd1 Bc6 31. Nxa5 Bb5 32. c4 bxc3 33. Nxc3
1-0

[Event "16.Open Seefeld"]
[Site "Oesterreich / Seefeld"]
[Date "2005.09.17"]
[Round "1"]
[White "Plock, Christian"]
[Black "Schmidt, Juergen"]
[Result "0-1"]
[WhiteElo "1650"]
[BlackElo "2122"]
[PlyCount "82"]
[EventDate "2005.09.17"]

1. e4 e5 2. Nf3 Nc6 3. Bb5 a6 4. Bxc6 dxc6 5. d3 f6 6. Be3 Bg4 7. h3 Bh5 8.
Nbd2 Qe7 9. Nb3 O-O-O 10. Qe2 g5 11. g4 Bf7 12. O-O-O h5 13. Nfd2 hxg4 14. hxg4
Rxh1 15. Rxh1 Qe6 16. Kb1 Ne7 17. f3 Ng6 18. Nc1 Bb4 19. Ndb3 b6 20. c3 Bf8 21.
d4 Kb7 22. Kc2 Bd6 23. Nd2 exd4 24. cxd4 Bf4 25. Bf2 Ne5 26. b3 Bxd2 27. Kxd2
Ng6 28. Nd3 Qe7 29. Kc3 a5 30. Qb2 Qd6 31. b4 Ne5 32. Nxe5 fxe5 33. a3 exd4+
34. Kd3 b5 35. Rh3 Bc4+ 36. Kc2 axb4 37. axb4 d3+ 38. Kd2 Ra8 39. Bg3 Qd7 40.
Qe5 Ra2+ 41. Kd1 Bb3+ 0-1

[Event "16.Open Seefeld"]
[Site "Oesterreich / Seefeld"]
[Date "2005.09.17"]
[Round "1"]
[White "Riedl, Johannes"]
[Black "Waldhart, Helmuth"]
[Result "1-0"]
[WhiteElo "2118"]
[BlackElo "1650"]
[PlyCount "53"]
[EventDate "2005.09.17"]

1. d4 d5 2. c4 e6 3. Nf3 Nf6 4. Nc3 Be7 5. Qc2 c5 6. dxc5 d4 7. Nb5 Bxc5 8. Bf4
Na6 9. a3 O-O 10. Rd1 Qb6 11. Nbxd4 Ng4 12. h3 Nxf2 13. Kxf2 f6 14. e3 e5 15.
Bg3 exd4 16. exd4 Rd8 17. Kg1 Rxd4 18. Nxd4 Bxd4+ 19. Kh2 Qxb2 20. Qe4 Be5 21.
Qd5+ Kf8 22. Re1 Bxg3+ 23. Kxg3 Qc3+ 24. Bd3 g6 25. Qd8+ Kg7 26. Re7+ Kh6 27.
Qf8+ 1-0

[Event "16.Open Seefeld"]
[Site "Oesterreich / Seefeld"]
[Date "2005.09.17"]
[Round "1"]
[White "Bungter, Hans"]
[Black "Wempe, Juergen"]
[Result "0-1"]
[WhiteElo "1628"]
[BlackElo "2202"]
[PlyCount "36"]
[EventDate "2005.09.17"]

1. e4 c5 2. Nf3 Nf6 3. d3 d5 4. Nbd2 Nc6 5. g3 e5 6. Bg2 Be7 7. O-O O-O 8. c3
Rb8 9. a3 Be6 10. Re1 dxe4 11. dxe4 h6 12. Qc2 Qd7 13. Nf1 Rfd8 14. Bd2 Bc4 15.
Rad1 Qe6 16. Nh4 Bb3 17. Qc1 Bxd1 18. Bxh6 Ne8 0-1

[Event "16.Open Seefeld"]
[Site "Oesterreich / Seefeld"]
[Date "2005.09.17"]
[Round "1"]
[White "Pieper, Harald"]
[Black "Kesik, Marco"]
[Result "0-1"]
[WhiteElo "2094"]
[BlackElo "1609"]
[PlyCount "78"]
[EventDate "2005.09.17"]

1. d4 Nf6 2. Nf3 g6 3. c4 Bg7 4. Nc3 O-O 5. e4 d6 6. Be2 Nbd7 7. Bg5 h6 8. Be3
e5 9. O-O Ng4 10. Bc1 Ngf6 11. d5 Nc5 12. Nd2 a5 13. f3 Nh7 14. Nb3 Nxb3 15.
Qxb3 b6 16. a3 f5 17. Be3 f4 18. Bf2 Qg5 19. Kh1 h5 20. Qd1 Qh6 21. b4 g5 22.
c5 bxc5 23. bxc5 Ba6 24. Nb5 Rf7 25. Rc1 g4 26. a4 Ng5 27. cxd6 cxd6 28. Rc6
Bf8 29. Bh4 Be7 30. Qc2 Bxb5 31. Bxb5 Kh7 32. Rc7 Qf8 33. Qc6 Kg7 34. Rc1 Kg6
35. Be2 gxf3 36. Bxf3 Qd8 37. Bxg5 Kxg5 38. Rb1 Rb8 39. Rb5 h4 $138 0-1

[Event "16.Open Seefeld"]
[Site "Oesterreich / Seefeld"]
[Date "2005.09.17"]
[Round "1"]
[White "Andreini, Gigliola"]
[Black "Kircher, Werner"]
[Result "0-1"]
[WhiteElo "1600"]
[BlackElo "2092"]
[PlyCount "86"]
[EventDate "2005.09.17"]

1. c4 Nf6 2. Nc3 c5 3. e4 d6 4. h3 g6 5. g3 Bg7 6. Bg2 O-O 7. Nge2 Nc6 8. O-O
a6 9. Rb1 Rb8 10. d3 Bd7 11. a3 b5 12. b3 Ne8 13. Bb2 Nc7 14. Nd5 Ne6 15. Bxg7
Kxg7 16. Qd2 Ned4 17. Nxd4 Nxd4 18. b4 Bxh3 19. Qc3 Bxg2 20. Kxg2 e6 21. Ne3
Qe7 22. f4 f5 23. Nc2 e5 24. Nxd4 exd4 25. Qd2 fxe4 26. dxe4 Qxe4+ 27. Kf2 bxc4
28. Rfe1 Qf5 29. Re7+ Rf7 30. Rbe1 c3 31. Qe2 d3 32. Rxf7+ Qxf7 33. Qxd3 Qf6
34. Qxa6 Qd4+ 35. Kf1 cxb4 36. axb4 Rxb4 37. Qc8 Qc4+ 38. Qxc4 Rxc4 39. Rc1 d5
40. Ke2 Kf6 41. Kd3 c2 42. g4 h5 43. Rxc2 Rxc2 0-1

[Event "16.Open Seefeld"]
[Site "Oesterreich / Seefeld"]
[Date "2005.09.17"]
[Round "1"]
[White "Schmidt, Wolfgang"]
[Black "Creutzburg, Frank"]
[Result "1-0"]
[WhiteElo "2091"]
[BlackElo "1574"]
[PlyCount "49"]
[EventDate "2005.09.17"]

1. e4 c5 2. Nf3 Nc6 3. d4 cxd4 4. Nxd4 Nf6 5. Nc3 e5 6. Ndb5 d6 7. Bg5 a6 8.
Na3 b5 9. Bxf6 gxf6 10. Nd5 Bg7 11. c3 O-O 12. Bd3 Be6 13. Qh5 Rb8 14. O-O Ne7
15. Nc2 Qd7 16. Nce3 Kh8 17. f4 Rg8 18. Rf3 Bxd5 19. exd5 Ng6 20. Rh3 h6 21.
Nf5 Qa7+ 22. Kh1 Rge8 23. Nxg7 Kxg7 24. Qxh6+ Kg8 25. Qh7+ 1-0

[Event "16.Open Seefeld"]
[Site "Oesterreich / Seefeld"]
[Date "2005.09.17"]
[Round "1"]
[White "Loew, Bernd"]
[Black "Verhoef, Helge"]
[Result "1/2-1/2"]
[WhiteElo "1548"]
[BlackElo "2086"]
[PlyCount "85"]
[EventDate "2005.09.17"]

1. e4 c5 2. Nf3 d6 3. c3 Nf6 4. d3 Nc6 5. Na3 g6 6. Be3 Ng4 7. Bd2 Bg7 8. h3
Nge5 9. Be2 O-O 10. Bf4 Rb8 11. Qd2 Re8 12. O-O b5 13. Nc2 Nxf3+ 14. Bxf3 b4
15. Ne3 bxc3 16. bxc3 Qa5 17. Rfc1 Be6 18. Bg4 Rb7 19. Bxe6 fxe6 20. Nc4 Qc7
21. Rab1 Reb8 22. Qc2 e5 23. Rxb7 Rxb7 24. Bd2 e6 25. Rb1 d5 26. Rxb7 Qxb7 27.
Ne3 Ne7 28. Kh2 Qb5 29. c4 dxc4 30. Qxc4 Qxc4 31. Nxc4 Nc6 32. Bg5 Nb4 33. a3
Nxd3 34. Be3 Bf8 35. g3 h5 36. Kg1 Kh7 37. Kf1 Bh6 38. Bxh6 Kxh6 39. Ke2 Nc1+
40. Ke3 Nb3 41. Nxe5 Kg7 42. Kd3 Kf6 43. f4 1/2-1/2

[Event "16.Open Seefeld"]
[Site "Oesterreich / Seefeld"]
[Date "2005.09.17"]
[Round "1"]
[White "Allgaier, Erik"]
[Black "Titz, Waldemar"]
[Result "1-0"]
[WhiteElo "2078"]
[BlackElo "1541"]
[PlyCount "71"]
[EventDate "2005.09.17"]

1. d4 Nf6 2. Nf3 d5 3. e3 e6 4. Bd3 Be7 5. O-O O-O 6. Nbd2 Nbd7 7. Qe2 c5 8. c3
b6 9. e4 dxe4 10. Nxe4 Bb7 11. Neg5 h6 12. Nh3 Bd6 13. Re1 Qc7 14. Ne5 Rac8 15.
Bd2 Rfd8 16. f4 Rf8 17. Rf1 Rcd8 18. Rad1 Bc8 19. Bb1 Nb8 20. Qd3 Ba6 21. Qf3
Bxf1 22. Qxf1 Qb7 23. Nf2 Qc7 24. Qd3 Nbd7 25. Nxd7 Rxd7 26. Ng4 Re8 27. Nxf6+
gxf6 28. Qh7+ Kf8 29. Qxh6+ Ke7 30. f5 e5 31. Be1 cxd4 32. Bh4 Kd8 33. Bxf6+
Be7 34. cxd4 exd4 35. Bd3 Qc5 36. Bxe7+ {Rest der Notationen unbrauchbar !} 1-0

[Event "16.Open Seefeld"]
[Site "Oesterreich / Seefeld"]
[Date "2005.09.17"]
[Round "1"]
[White "Michel, Jan"]
[Black "Becking, Franz-Josef"]
[Result "0-1"]
[WhiteElo "1454"]
[BlackElo "2076"]
[PlyCount "50"]
[EventDate "2005.09.17"]

1. e4 Nf6 2. Nc3 d5 3. exd5 Nxd5 4. d3 e5 5. Be2 Nxc3 6. bxc3 Bc5 7. Nf3 Nc6 8.
O-O O-O 9. Nxe5 Nxe5 10. d4 Bd6 11. dxe5 Bxe5 12. Qxd8 Rxd8 13. Bb2 Bf5 14. Bd1
Rd2 15. Bc1 Rd7 16. Bb2 Rad8 17. Rb1 b6 18. f3 Rd2 19. Re1 Bf6 20. Kf1 h6 21.
Ba1 Bxc2 22. Bxc2 Rxc2 23. c4 Bxa1 24. Rxa1 Rdd2 25. Re8+ Kh7 0-1

[Event "16.Open Seefeld"]
[Site "Oesterreich / Seefeld"]
[Date "2005.09.17"]
[Round "1"]
[White "Schirmer, Werner"]
[Black "Pitts, Eamonn"]
[Result "1-0"]
[WhiteElo "2053"]
[BlackElo "1355"]
[PlyCount "75"]
[EventDate "2005.09.17"]

1. e4 c5 2. Nf3 d6 3. d4 cxd4 4. Nxd4 Nf6 5. Nc3 a6 6. f3 e6 7. Be3 Be7 8. Qd2
O-O 9. O-O-O b5 10. g4 Bb7 11. g5 Nfd7 12. h4 Nc6 13. Kb1 Nxd4 14. Bxd4 Rc8 15.
Qf2 e5 16. Be3 Rxc3 17. bxc3 Qa5 18. Rd3 Rc8 19. Qd2 Rc4 20. Bh3 d5 21. Bxd7 b4
22. Rxd5 Bxd5 23. Qxd5 Qxd5 24. exd5 bxc3 25. Ka1 Ba3 26. Bc1 Bd6 27. Bf5 g6
28. Be4 a5 29. a3 a4 30. Ka2 Kg7 31. Be3 f5 32. gxf6+ Kxf6 33. Rb1 Ke7 34. Rb7+
Bc7 35. Bb6 Kd6 36. Bxc7+ Rxc7 37. Rxc7 Kxc7 38. Kb1 1-0

[Event "16.Open Seefeld"]
[Site "Oesterreich / Seefeld"]
[Date "2005.09.17"]
[Round "1"]
[White "Tessmer, Hans-Peter"]
[Black "Urban, Rudolf"]
[Result "0-1"]
[WhiteElo "1304"]
[BlackElo "2050"]
[PlyCount "72"]
[EventDate "2005.09.17"]

1. e4 c6 2. d4 d5 3. Nc3 dxe4 4. Nxe4 Nd7 5. Nf3 Ngf6 6. Nxf6+ Nxf6 7. Be3 Bg4
8. Be2 e6 9. Ne5 Bxe2 10. Qxe2 Be7 11. O-O O-O 12. c3 Qc7 13. f4 Rfe8 14. Qf3
Bd6 15. Rad1 Rad8 16. Kh1 Qa5 17. a3 Bb8 18. h3 Qd5 19. Qxd5 exd5 20. Bc1 Ne4
21. Kg1 Bc7 22. Rfe1 f6 23. Nd3 Bd6 24. Nf2 Nxf2 25. Kxf2 f5 26. Kf3 Re4 27. g3
Rde8 28. Re3 Kf7 29. Rde1 Kf6 30. Kf2 h5 31. Kf3 h4 32. Rxe4 dxe4+ 33. Kf2
hxg3+ 34. Kxg3 g5 35. Re2 gxf4+ 36. Bxf4 Rg8+ 0-1

[Event "16.Open Seefeld"]
[Site "Oesterreich / Seefeld"]
[Date "2005.09.17"]
[Round "1"]
[White "Christiansmeier, Sven"]
[Black "Disselberger, Alfons"]
[Result "1-0"]
[WhiteElo "2044"]
[BlackElo "1290"]
[PlyCount "75"]
[EventDate "2005.09.17"]

1. d4 d5 2. Nf3 Nf6 3. c4 e6 4. Nc3 c6 5. e3 Nbd7 6. Bd3 dxc4 7. Bxc4 b5 8. Bd3
b4 9. Na4 Qa5 10. O-O Ba6 11. b3 Bxd3 12. Qxd3 Qb5 13. Nb2 a5 14. Nc4 a4 15.
Bd2 a3 16. Rac1 Be7 17. Nce5 Qxd3 18. Nxd3 Rc8 19. Bxb4 Bxb4 20. Nxb4 c5 21.
Nd3 O-O 22. dxc5 Ne4 23. b4 Rfd8 24. Rfd1 Nb8 25. Nfe5 Nc6 26. Nxc6 Rxc6 27.
Ne5 Rxd1+ 28. Rxd1 Rc8 29. Rd3 Ra8 30. Nc4 Kf8 31. f3 Nf6 32. e4 Ke7 33. Rxa3
Rxa3 34. Nxa3 Kd7 35. Kf2 Kc6 36. Ke3 Nd7 37. Kd4 e5+ 38. Kc4 1-0

[Event "16.Open Seefeld"]
[Site "Oesterreich / Seefeld"]
[Date "2005.09.17"]
[Round "1"]
[White "Dalla Santa, Odile"]
[Black "Willin, Bernhard"]
[Result "0-1"]
[WhiteElo "1120"]
[BlackElo "2042"]
[PlyCount "50"]
[EventDate "2005.09.17"]

1. d4 Nf6 2. Nf3 g6 3. e3 Bg7 4. b3 c5 5. Bb2 O-O 6. Nbd2 b6 7. Bd3 Bb7 8. O-O
Nc6 9. a3 d6 10. Re1 Qc7 11. Nf1 e5 12. e4 exd4 13. Qd2 Rae8 14. Re2 d5 15. Ng3
Ne5 16. Qf4 Nxf3+ 17. Qxf3 dxe4 18. Bxe4 Nxe4 19. Nxe4 Rxe4 20. Rxe4 f5 21. Qh3
fxe4 22. c3 Qf7 23. f3 dxc3 24. Rd1 cxb2 25. fxe4 Qf2+ 0-1

[Event "16.Open Seefeld"]
[Site "Oesterreich / Seefeld"]
[Date "2005.09.17"]
[Round "1"]
[White "Fischer, Gerd"]
[Black "Straub, Peter"]
[Result "1/2-1/2"]
[WhiteElo "2039"]
[BlackElo "2093"]
[PlyCount "68"]
[EventDate "2005.09.17"]

1. Nf3 c5 2. g3 d5 3. Bg2 Nc6 4. d4 e6 5. O-O Nf6 6. c4 Be7 7. Nc3 O-O 8. cxd5
exd5 9. Bg5 cxd4 10. Nxd4 h6 11. Bf4 a6 12. e4 Bg4 13. Qd2 Nxd4 14. Qxd4 dxe4
15. Qxd8 Raxd8 16. Nxe4 Rd7 17. Nc3 Bb4 18. Rac1 Rc8 19. Ne4 Re8 20. Nxf6+ gxf6
21. a3 Bf8 22. Rfe1 Re6 23. h3 Bf5 24. Red1 Re2 25. Rxd7 Bxd7 26. Rc7 Be6 27.
Rxb7 Bc5 28. Rb8+ Kg7 29. Be3 Re1+ 30. Kh2 Bxe3 31. fxe3 Rxe3 32. g4 f5 33.
gxf5 Bxf5 34. Rb6 Re6 1/2-1/2

[Event "16.Open Seefeld"]
[Site "Oesterreich / Seefeld"]
[Date "2005.09.17"]
[Round "1"]
[White "Kreie, Guenter"]
[Black "Meier, Alexander"]
[Result "0-1"]
[WhiteElo "1968"]
[BlackElo "1972"]
[PlyCount "112"]
[EventDate "2005.09.17"]

1. e4 g6 2. d4 Bg7 3. Nc3 d6 4. f4 a6 5. Nf3 b5 6. a3 Nd7 7. e5 Bb7 8. Bd3 c5
9. Be4 Bxe4 10. Nxe4 dxe5 11. dxe5 Nh6 12. Qd5 O-O 13. Nxc5 Nxc5 14. Qxc5 Rc8
15. Qf2 f6 16. e6 Qd6 17. Qe2 Rc6 18. O-O Qxe6 19. Qxe6+ Rxe6 20. c3 Rd8 21.
Bd2 Red6 22. Be3 e5 23. fxe5 fxe5 24. Nxe5 Nf5 25. Bd4 Nxd4 26. cxd4 Bxe5 27.
dxe5 Re6 28. Rfe1 Rd5 29. Rad1 Rexe5 30. Rxe5 Rxd1+ 31. Kf2 Kf7 32. Re2 Kf6 33.
h3 Kf5 34. g3 Rd3 35. Rc2 Ke4 36. Re2+ Kd4 37. Rc2 a5 38. h4 h5 39. Re2 Kc4 40.
Re4+ Kd5 41. Re2 Kd4 42. Rc2 Ke4 43. Re2+ Kf5 44. Rc2 Kg4 45. Rc5 Rf3+ 46. Ke2
Rxg3 47. Rxb5 Kxh4 48. Kf2 a4 49. Rb4+ Rg4 50. Rb6 g5 51. Rd6 Rc4 52. Ra6 g4
53. Rb6 Kh3 54. Rd6 Rc2+ 55. Kf1 Rxb2 56. Rd4 g3 0-1

[Event "16.Open Seefeld"]
[Site "Oesterreich / Seefeld"]
[Date "2005.09.17"]
[Round "1"]
[White "Klein, Reinhard"]
[Black "Hofer, Franz"]
[Result "0-1"]
[WhiteElo "1911"]
[BlackElo "2079"]
[PlyCount "72"]
[EventDate "2005.09.17"]

1. d4 e6 2. Nf3 f5 3. Bg5 Nf6 4. e3 c6 5. Bd3 d5 6. Nbd2 Bd6 7. Ne5 O-O 8. Qe2
Nbd7 9. f4 Qb6 10. Nxd7 Bxd7 11. O-O c5 12. c3 c4 13. Bxc4 dxc4 14. Nxc4 Qa6
15. a4 Rac8 16. b3 Ne4 17. Qc2 Nxg5 18. fxg5 Be7 19. Ne5 Bc6 20. b4 Be4 21. Qb3
Bd5 22. Qb2 Bxg5 23. Qd2 Bf6 24. Nd7 Rf7 25. Nc5 Qc6 26. b5 Qe8 27. Rac1 b6 28.
Nd3 Rfc7 29. Nf4 g6 30. g4 Be4 31. Qa2 Rc4 32. Nh3 Rxc3 33. Rxc3 Rxc3 34. gxf5
gxf5 35. Nf4 Kf7 36. Qe2 Qg8+ 0-1

[Event "16.Open Seefeld"]
[Site "Oesterreich / Seefeld"]
[Date "2005.09.17"]
[Round "1"]
[White "Platzgummer, Fabian"]
[Black "Egger, Herbert"]
[Result "1-0"]
[WhiteElo "2032"]
[BlackElo "1584"]
[PlyCount "55"]
[EventDate "2005.09.17"]

1. e4 e5 2. Nf3 Nc6 3. Bc4 Be7 4. d4 d6 5. dxe5 Nxe5 6. Nxe5 dxe5 7. Qh5 g6 8.
Qxe5 Nf6 9. Bh6 Rg8 10. Bg5 Qd6 11. Qxd6 cxd6 12. Nc3 Bd7 13. Rd1 Bc6 14. O-O
b5 15. Bxb5 Bxb5 16. Nxb5 Rd8 17. Nxd6+ Rxd6 18. Rxd6 Bxd6 19. Bxf6 Be7 20. e5
Kd7 21. Rd1+ Ke6 22. Bxe7 Kxe7 23. Rd6 Rc8 24. c3 Rb8 25. b3 Rb5 26. f4 f6 27.
Rxf6 Rd5 28. Rd6 1-0

[Event "16.Open Seefeld"]
[Site "Oesterreich / Seefeld"]
[Date "2005.09.17"]
[Round "1"]
[White "Oettinger, Hagen"]
[Black "Schuetz, Robert"]
[Result "1-0"]
[WhiteElo "2094"]
[BlackElo "1640"]
[PlyCount "51"]
[EventDate "2005.09.17"]

1. d4 e6 2. Nf3 f5 3. c4 Nf6 4. Nc3 d5 5. cxd5 exd5 6. Bg5 Be6 7. Qb3 Nbd7 8.
Ne5 h6 9. Bxf6 Qxf6 10. Qxb7 Rb8 11. Nxd7 Rxb7 12. Nxf6+ gxf6 13. O-O-O Kd7 14.
e3 c6 15. Bd3 Bd6 16. g3 Rhb8 17. Rd2 Ke7 18. Re1 Kf7 19. Rc2 Bd7 20. Ne2 Rb4
21. Ng1 R8b6 22. Nf3 Kg6 23. Nh4+ Kg5 24. f4+ Kg4 25. Be2+ Kh3 26. Bd1 1-0

[Event "16.Open Seefeld"]
[Site "Oesterreich / Seefeld"]
[Date "2005.09.18"]
[Round "2"]
[White "Thoeny, Hermann"]
[Black "Rotstein, Arkadij"]
[Result "0-1"]
[WhiteElo "2136"]
[BlackElo "2520"]
[PlyCount "94"]
[EventDate "2005.09.17"]

1. d4 Nf6 2. Nf3 c5 3. c4 cxd4 4. Nxd4 a6 5. Nc3 e6 6. Nc2 Qc7 7. e4 b6 8. Bd3
Bd6 9. h3 Bb7 10. O-O Bh2+ 11. Kh1 Be5 12. Qe2 Bxc3 13. bxc3 d6 14. Nd4 Nbd7
15. Nb3 Ne5 16. Nd2 O-O 17. f4 Nxd3 18. Qxd3 Rfd8 19. Rb1 b5 20. cxb5 axb5 21.
Rb2 Rdc8 22. Rc2 Qc6 23. Re1 Ra4 24. Rb2 Ba6 25. Rc2 h6 26. Kh2 Bb7 27. Rb2
Nxe4 28. Nxe4 Rxe4 29. Rxe4 Qxe4 30. Qxb5 Rxc3 31. Qxb7 Qxb7 32. Rxb7 Rxc1 33.
Rb8+ Kh7 34. Rb2 Kg6 35. Kg3 Kf5 36. Rb4 g5 37. fxg5 hxg5 38. a4 Rc3+ 39. Kf2
Ra3 40. Rg4 d5 41. Rb4 f6 42. Rg4 e5 43. Rb4 d4 44. g3 Ke4 45. h4 Ra2+ 46. Kg1
gxh4 47. gxh4 Kf5 0-1

[Event "16.Open Seefeld"]
[Site "Oesterreich / Seefeld"]
[Date "2005.09.18"]
[Round "2"]
[White "Antic, Dejan"]
[Black "Mueller, Norbert"]
[Result "1-0"]
[WhiteElo "2512"]
[BlackElo "2138"]
[PlyCount "141"]
[EventDate "2005.09.17"]

1. d4 g6 2. c4 Bg7 3. Nc3 d6 4. e4 Nd7 5. Nf3 c6 6. Be2 Qc7 7. O-O Ngf6 8. Qc2
O-O 9. Be3 Re8 10. Rad1 e5 11. Rfe1 b6 12. d5 Bb7 13. Nd2 cxd5 14. cxd5 a6 15.
a4 h6 16. Nc4 Nc5 17. b4 Ncd7 18. Rc1 Rac8 19. f3 Qb8 20. Bf1 b5 21. axb5 Bxd5
22. exd5 axb5 23. Na5 Nxd5 24. Qd2 Nxe3 25. Qxe3 e4 26. fxe4 Bf6 27. Qh3 Bd4+
28. Kh1 Nf6 29. Nb3 Rxc3 30. Rxc3 Bxc3 31. Qxc3 Nxe4 32. Qe3 Qb7 33. Nd4 Qa7
34. Rc1 Qa2 35. Kg1 Qb2 36. Bxb5 Rb8 37. Rf1 d5 38. Bd3 Rxb4 39. Bxe4 Qxd4 40.
Qxd4 Rxd4 41. Bf3 Kg7 42. Kf2 Kf6 43. Ke3 Ke5 44. Ra1 Rb4 45. Ra5 Rb3+ 46. Kd2
Rb6 47. Rxd5+ Ke6 48. Rc5 Rd6+ 49. Ke3 Rd7 50. Rc6+ Ke7 51. Rb6 Kf8 52. Rb7 Rd6
53. Kf4 Kg7 54. Ke5 Re6+ 55. Kd4 Rd6+ 56. Bd5 Rf6 57. Ke5 g5 58. Ra7 Kg6 59.
Ra8 Rf5+ 60. Kd6 Kg7 61. Ra3 g4 62. Ra4 h5 63. Re4 Rf2 64. Re7 Kg6 65. Ke5 f6+
66. Ke6 Re2+ 67. Kd6 Rxe7 68. Kxe7 f5 69. Ke6 f4 70. Ke5 Kg5 71. Bc6 1-0

[Event "16.Open Seefeld"]
[Site "Oesterreich / Seefeld"]
[Date "2005.09.18"]
[Round "2"]
[White "Schoetzig, Detlef"]
[Black "Levin, Felix"]
[Result "0-1"]
[WhiteElo "2124"]
[BlackElo "2498"]
[PlyCount "90"]
[EventDate "2005.09.17"]

1. c4 e6 2. Nc3 d5 3. d4 c6 4. Nf3 Nf6 5. e3 a6 6. cxd5 exd5 7. Bd3 Bd6 8. O-O
O-O 9. e4 dxe4 10. Nxe4 Nxe4 11. Bxe4 Nd7 12. Bg5 Nf6 13. Bc2 Be7 14. Re1 Nd5
15. Qd3 g6 16. Bxe7 Nxe7 17. Qe3 Nf5 18. Bxf5 Bxf5 19. Qh6 Qd7 20. h3 f6 21.
Nh4 Rae8 22. Nxf5 Qxf5 23. Re3 Rxe3 24. Qxe3 Qd5 25. Re1 Qxa2 26. b3 Qa3 27.
Qe6+ Kg7 28. h4 Qa5 29. Qd7+ Rf7 30. Re7 Qe1+ 31. Rxe1 Rxd7 32. Re4 f5 33. Re8
Kf7 34. Rb8 Ke6 35. h5 gxh5 36. Kf1 Kd5 37. Rf8 Kxd4 38. Rxf5 Kc3 39. Rf3+ Kb4
40. Ke2 a5 41. Rf5 b5 42. Rxh5 Kxb3 43. Rh6 a4 44. Rxc6 a3 45. Ra6 a2 0-1

[Event "16.Open Seefeld"]
[Site "Oesterreich / Seefeld"]
[Date "2005.09.18"]
[Round "2"]
[White "van der Weide, Karel"]
[Black "Gruber, Michael"]
[Result "1-0"]
[WhiteElo "2482"]
[BlackElo "2122"]
[PlyCount "61"]
[EventDate "2005.09.17"]

1. e4 c5 2. Nf3 d6 3. d4 cxd4 4. Nxd4 Nf6 5. Nc3 a6 6. Be3 e5 7. Nb3 Be6 8. Qd2
Be7 9. f3 Nbd7 10. O-O-O b5 11. Kb1 Nb6 12. Qf2 Nfd7 13. f4 b4 14. Nd5 Bxd5 15.
exd5 Na4 16. Qe1 Qb8 17. Bd3 O-O 18. Bf5 Ndc5 19. Bxc5 dxc5 20. Bd7 c4 21. Bxa4
cxb3 22. fxe5 bxa2+ 23. Kxa2 Rc8 24. d6 Bf8 25. d7 Rd8 26. e6 fxe6 27. Qxe6+
Kh8 28. Rhe1 Qc7 29. Bb3 Bc5 30. Qe8+ Bf8 31. Qf7 1-0

[Event "16.Open Seefeld"]
[Site "Oesterreich / Seefeld"]
[Date "2005.09.18"]
[Round "2"]
[White "Schmidt, Juergen"]
[Black "Ivanov, Michail"]
[Result "0-1"]
[WhiteElo "2122"]
[BlackElo "2426"]
[PlyCount "36"]
[EventDate "2005.09.17"]

1. e4 c5 2. Nf3 a6 3. g3 b5 4. a4 Bb7 5. axb5 axb5 6. Rxa8 Bxa8 7. Bxb5 Bxe4 8.
Nc3 Bb7 9. O-O e6 10. d4 Nf6 11. Be3 cxd4 12. Nxd4 Be7 13. f4 O-O 14. f5 e5 15.
Nb3 d5 16. Na4 d4 17. Nbc5 Ba8 18. Bg5 Qd5 0-1